Women, gender and work: what is equality and how do we get there (Record no. 490599)

000 -LEADER
fixed length control field 00435cam a22001337a 4500
008 - FIXED-LENGTH DATA ELEMENTS--GENERAL INFORMATION
fixed length control field 180718b2001 xxu||||| |||| 00| 0 eng d
020 ## - INTERNATIONAL STANDARD BOOK NUMBER
International Standard Book Number 9221113868
082 ## - DEWEY DECIMAL CLASSIFICATION NUMBER
Classification number B142 W842
245 ## - TITLE STATEMENT
Title Women, gender and work: what is equality and how do we get there
Statement of responsibility, etc. edited by Martha Fetherolf Loutfi
260 ## - PUBLICATION, DISTRIBUTION, ETC.
Place of publication, distribution, etc. Geneva
Name of publisher, distributor, etc. International Labour Office
Date of publication, distribution, etc. 2001
300 ## - PHYSICAL DESCRIPTION
Extent 565+p.
650 ## - SUBJECT ADDED ENTRY--TOPICAL TERM
Topical term or geographic name entry element Women - Employment
700 ## - ADDED ENTRY--PERSONAL NAME
Personal name Loutfi, Martha Fetherolf
Holdings
Withdrawn status Lost status Damaged status Not for loan Permanent Location Current Location Date acquired Total Checkouts Full call number Barcode Date last seen Date last checked out Price effective from Koha item type
        Indian Institute of Public Administration Indian Institute of Public Administration 2018-08-04 1 B142 W842 G19862 2020-09-01 2020-02-03 2018-08-04 G

Powered by Koha